Statistics for Guess the The Good Place character

Click here to take the quiz!

General Stats

  • This quiz has been taken 10 times
  • The average score is 12 of 16

Answer Stats

Answer% Correct
Chidi Anagonye
100%
Eleanor Shellstrop
100%
Bad Janet
88%
Janet
88%
Jason Mendoza
88%
Shawn
88%
Vicky
88%
Derek
75%
Glenn
75%
Tahani Al'Jamil
75%
The Judge
75%
Kamilah Al'Jamil
63%
Mindy St. Claire
63%
Simone
63%
Jeff The Doorman
25%
Michael Realman
25%

Score Distribution

Percentile by Number Answered

Percent of People with Each Score

Your Score History

You have not taken this quiz